000 00552nam a2200157 a 4500
008 120416s0000 ||||||||||||||||| || u
020 _a0821317830
050 _aIBRD(08)DP
100 _aGalal, Ahmed
245 1 0 _aPublic enterprise reform
246 _alessons from the past and issues for the future
260 _aWashiongton, D. C.
_bWorld Bank
_c1991
300 _axii, 56p. : ill.
350 _a0.00
995 _D0.00
_FCBU-MAIN LIBRARY (Kitwe)
_H1
_I0.00
_M1
_UAVAILABLE
_ZInternational Publications
999 _c55268
_d55268